Současný stav vybraných složek životního prostředí ve světě - půda

Guardado en:
Detalles Bibliográficos
Autor principal: Herrmannová, Jitka
Formato: Libro
Lenguaje:checo
Publicado: Praha Ústředí vědeckých, technických a ekonomických informací 1988
Colección:Prognostické studie
Etiquetas: Agregar Etiqueta
Sin Etiquetas, Sea el primero en etiquetar este registro!

MARC

LEADER 00000nam a2200000 4500
001 c034551
005 20251204103511.6
041 0 |a cze 
044 |a CZ 
245 1 0 |a Současný stav vybraných složek životního prostředí ve světě - půda  |c Jitka Herrmannová 
264 1 |a Praha  |b Ústředí vědeckých, technických a ekonomických informací  |c 1988 
300 |a 56 s. 
490 1 |a Prognostické studie 
830 0 |a Prognostické studie 
100 1 |a Herrmannová, Jitka